Покръстване и християнизация на българите (Запис номер 74896)
[ съкратено ]
| 000 -Лидер | |
|---|---|
| Контролно поле с фиксирана дължина | 01745nam a2200373 c 4500 |
| 003 - Код на организацията, давaща контролен номер | |
| Контролно поле | BLK |
| 005 - Дата и час на последна редакция | |
| Контролно поле | 20180422103452.0 |
| 008 - Елементи от данни с фиксирана дължина | |
| fixed length control field | 180408b bul|||||r ||||||| ||bul|| |
| 010 ## - Наследен системен номер | |
| LC control number | KNG00079300000 |
| 020 ## - Международен стандартен номер на книга ISBN | |
| Международен стандартен номер на книга ISBN | 954-378-001-3 |
| -- | издат.: Тангра ТанНакРа |
| 040 ## - Източник на каталожния запис | |
| Идентификатор на билиотеката - собственик на записа | BLK |
| 041 ## - Код за език | |
| Код за езика на текст/звукозапис или на отделно заглавие | Български |
| Код за езика КДБФ | Български |
| 080 ## - УДК | |
| Текстов определител УДК | Политически и културен разцвет (852-927). Дейността на Кирил и Методий. Приемане на христианството |
| УДК код - определител по УДК | 94(497.2)"852/927" |
| УДК определител | (093) |
| УДК - код + определител | 94(497.2)"852/927"(093) |
| 100 1# - Редна дума - Автор | |
| Автор | Гюзелев, Васил Тодоров |
| Авторска отговорност | първи автор |
| R(LIN) | 364355 |
| 139 ## - Редно поле | |
| Редна дума | Гюзелев, Васил Тодоров |
| Авторски знак | Гю - Г 98 |
| 245 10 - Сведения за заглавието | |
| Заглавие | Покръстване и християнизация на българите |
| Подзаглавни данни | Извороведческо изследване с прил. |
| Редно поле (дума) | Васил Тодоров Гюзелев. |
| 257 ## - Страна на издаване | |
| Страна на създаване/издаване | България |
| 260 ## - Област на издателските данни | |
| -- | София |
| Име на издателя, разпространителя и проч. | Тангра ТанНакРа |
| Година на издаване | 2006 |
| 300 ## - Физическа характеристика | |
| Страници | 291 с. |
| Илюстрации и др. | с ил., факс. |
| Размери/Мащаб | 24 см |
| 380 ## - Жанр | |
| Жанр | История |
| 490 1# - СЕРИИ (Колекции) | |
| Име на серия | Библиотека Българска вечност |
| №: серия | Кн. 63 |
| 500 ## - Общи забележки | |
| Забележка | Изд. на Център за изследвания на българите. Офс. изд. - Съдържа и Терминологичен речник. - Рез. на англ. ез. |
| 650 #4 - Допълнително описание по предмет – тема | |
| Основно описание – тема или топоним | Покръстване на българите 865 г. |
| 9 (RLIN) | 166787 |
| 651 #4 - Допълнително описание по предмет - топоним | |
| Географско понятие | България |
| 9 (RLIN) | 241624 |
| 653 ## - Ключова дума – ненормативна | |
| Ключова дума | покръстване |
| 653 ## - Ключова дума – ненормативна | |
| Ключова дума | българи |
| 653 ## - Ключова дума – ненормативна | |
| Ключова дума | история |
| 653 ## - Ключова дума – ненормативна | |
| Ключова дума | извори |
| 852 ## - Местоположение | |
| Форматна сигнатура | Цб 236890 |
| 856 4# - Електронен адрес и достъп | |
| Електронен формат | pdf - файл |
| Път до файла /url/ | |
| 856 4# - Електронен адрес и достъп | |
| Електронен формат | pdf - файл |
| Път до файла /url/ | |
| 942 ## - АРТИКУЛИ | |
| Вид на библиотечния материал | Книги |
| Скрит в OPAC | Не |
| 944 ## - СЪЗДАВАНЕ И РЕДАКЦИЯ на ЗАПИСА | |
| Създаване/Редакция | Създаване |
| Дата на регистрацията/редакция | 15.11.2007 |
| Служител, извършил регистрацията/редакцията | Наталия_Медовщикова |
| 944 ## - СЪЗДАВАНЕ И РЕДАКЦИЯ на ЗАПИСА | |
| Създаване/Редакция | Редакция |
| Дата на регистрацията/редакция | 31.10.2008 |
| Служител, извършил регистрацията/редакцията | |
| 999 ## - СИСТЕМНИ КОНТРОЛНИ НОМЕРА | |
| Koha biblionumber | 74896 |
| Koha biblioitemnumber | 74896 |
| Код за отписване | Код за изгубен артикул | Код за повреда | Коз за рестрикции | Код за отдаване | Артикулен № | Име на библиотеката - собственик | Име на библиотеката, в която се намира в момента | Статус (Текущо местоположение) | Дата на вписване в системата | Местоположение - отдел | Цена в лева | Инвентарен номер | Систематично азбучна сигнатура | Баркод | Номер на екземпляра | Цена в евро | Служебна бележка | Служебен тип на артикула | Източник на класификационната схема |
|---|---|---|---|---|---|---|---|---|---|---|---|---|---|---|---|---|---|---|---|
| Не е изгубен | Не е повреден | без рестрикции | ползва се в читалня | 121779 | Регионална библиотека "Любен Каравелов" Русе | Регионална библиотека "Любен Каравелов" Русе | Хранилище | 2007-11-16 | Хранилище | 15.00 | 120000719903 | Цб 236890 | 120000719903 | 1 | 7.67 | Дост: Dp Вид: Д N: 30 Дата: 04.07.2007 | Книги | ||
| Не е изгубен | Не е повреден | без рестрикции | ползва се в читалня | 121780 | Регионална библиотека "Любен Каравелов" Русе | Регионална библиотека "Любен Каравелов" Русе | Читалня | 2008-01-24 | Читалня | 15.00 | 120000722508 | Ч 94(497.2)/Г 98 | 120000722508 | 2 | 7.67 | Дост: Pk Вид: Ф N: 14273 Дата: 22.01.2008 Дата инв: 28.03.2017 Бележки инв: Ч2017 | Книги | Universal Decimal Classification | |
| Не е изгубен | Не е повреден | без рестрикции | заемане за дома | 121781 | Регионална библиотека "Любен Каравелов" Русе | Регионална библиотека "Любен Каравелов" Русе | Заемна - подръчен фонд | 2008-10-17 | Заемна - подръчен фонд | 15.00 | 120000730667 | 94(497.2)"06/17"/Г 98 В | 120000730667 | 3 | 7.67 | Дост: Pk Вид: Ф N: 8705 Дата: 14.10.2008 Дата инв: 07.02.2018 Бележки инв: П2018 | Книги | Universal Decimal Classification |